000 00328nam a2200133Ia 4500
005 20260328104315.0
008 260328s9999||||xx |||||||||||||| ||und||
100 _aMinguet, Josep Maria
245 0 _aEco Refurbishment /
_cJosep Maria Minguet
260 _bMonsa
300 _a86 p.
650 _aDISEÑO Y PLANOS
942 _cBK
999 _c11131
_d11131